000 00858nam a2200277 4500
001 16380
003 BD-RjUL
005 20211209000013.0
008 140213r19731963ctua b 001 0 eng
020 _a0837169003
035 _a(BD-RjUL)16435
040 _aDLC
_cDLC
_dDLC
_dBD-RjUL
_beng
041 _aeng
082 0 0 _a782.8
_bMAN 1973
100 1 _aMalm, William P.
_950535
245 1 0 _aNagauta :
_bthe heart of kabuki music /
_cWilliam P. Malm.
260 _aWestport, Conn. :
_bGreenwood Press,
_cc1963 [Reprinted 1973].
300 _axvi, 344 p. :
_bill. ;
_c23 cm.
500 _aReprint of the ed. published by C. E. Tuttle Co., Rutland, Vt.
504 _aBibliography: p. 225-229.
650 0 _aMusic
_zJapan
_xHistory and criticism.
_950593
650 0 _aKabuki.
_950534
942 _2ddc
_cBK
999 _c16380
_d16380